[Event "Vila Real-ch"]
[Site "Vila Real"]
[Date "2016.10.01"]
[Round "1"]
[White "Mezquita Broch, Pascual"]
[Black "Torres Espinosa, Raul"]
[Result "0-1"]
[WhiteElo "1889"]
[BlackElo "1732"]
[PlyCount "56"]
[EventDate "2016.10.01"]
[EventType "swiss"]
[EventRounds "7"]
[EventCountry "RUF"]
[SourceTitle "EXT 2024"]
[Source "ChessBase"]
[SourceDate "2023.10.10"]
[SourceVersion "1"]
[SourceVersionDate "2023.10.10"]
[SourceQuality "1"]

1. d4 Nf6 2. Nf3 d6 3. g3 g6 4. Bg2 c6 5. 0-0 Bg7 6. c4 0-0 7. Nc3 Qc7 8. e4 e5 9. Rb1 Nh5 10. Be3 f5 11. dxe5 dxe5 12. Qb3 Be6 13. Ng5 Bf7 14. Nxf7 Rxf7 15. exf5 gxf5 16. Rbd1 Na6 17. f3 Bf8 18. Ne2 Nc5 19. Qc2 Ne6 20. a3 c5 21. Bh3 Nhg7 22. Bh6 Bd6 23. Rd5 Re8 24. Rfd1 Nd4 25. Nxd4 exd4 26. Qd2 f4 27. g4 Re3 28. Bg2 Be7 0-1

[Event "Provincial-ch Vila Real"]
[Site "Vila Real"]
[Date "2012.11.03"]
[Round "4"]
[White "Tamaral Fernandez, Miguel"]
[Black "Torres Espinosa, Raul"]
[Result "0-1"]
[WhiteElo "1537"]
[BlackElo "1676"]
[PlyCount "60"]
[EventDate "2012.10.06"]
[EventType "swiss"]
[EventRounds "7"]
[EventCountry "ESP"]
[SourceTitle "EXT 2024"]
[Source "ChessBase"]
[SourceDate "2023.10.10"]
[SourceVersion "1"]
[SourceVersionDate "2023.10.10"]
[SourceQuality "1"]

1. Nf3 c5 2. c4 Nc6 3. Nc3 g6 4. g3 Bg7 5. Bg2 e6 6. 0-0 Nge7 7. e3 d5 8. d3 0-0 9. Qd2 a6 10. b3 Qa5 11. d4 dxc4 12. bxc4 Rd8 13. Ne2 Qxd2 14. Bxd2 cxd4 15. exd4 Nxd4 16. Nfxd4 Bxd4 17. Rac1 Bxf2+ 18. Rxf2 Rxd2 19. Nc3 Rd8 20. Rd1 Rxd1+ 21. Nxd1 Kf8 22. Rd2 Ke8 23. Ne3 f5 24. h4 Rb8 25. a4 Bd7 26. a5 Bc6 27. Rd6 Bxg2 28. Kxg2 Kf7 29. Kf3 h6 30. Kf4 Nc6 0-1

[Event "Provincial-ch Vila Real"]
[Site "Vila Real"]
[Date "2012.10.20"]
[Round "3"]
[White "Torres Espinosa, Raul"]
[Black "Jordan Martinez, David"]
[Result "0-1"]
[WhiteElo "1676"]
[BlackElo "2136"]
[PlyCount "108"]
[EventDate "2012.10.06"]
[EventType "swiss"]
[EventRounds "7"]
[EventCountry "ESP"]
[SourceTitle "EXT 2024"]
[Source "ChessBase"]
[SourceDate "2023.10.10"]
[SourceVersion "1"]
[SourceVersionDate "2023.10.10"]
[SourceQuality "1"]

1. c4 Nf6 2. Nf3 c5 3. Nc3 b6 4. e3 Bb7 5. b3 e6 6. Be2 Be7 7. 0-0 0-0 8. Bb2 a6 9. Qc2 Nc6 10. a3 Rc8 11. Rfd1 Na5 12. Rac1 Re8 13. d3 Qc7 14. Rd2 Qb8 15. Rcd1 Bf8 16. h3 d5 17. Na2 Nc6 18. Bxf6 gxf6 19. d4 dxc4 20. bxc4 cxd4 21. exd4 Na5 22. Qb1 Bxf3 23. Bxf3 Nxc4 24. Re2 Nxa3 25. Qd3 Nc4 26. Rde1 b5 27. Nc3 Red8 28. d5 Ne5 29. Qe3 Bg7 30. dxe6 Rd3 31. exf7+ Kf8 32. Qxd3 Nxd3 33. Re8+ Rxe8 34. Rxe8+ Qxe8 35. fxe8Q+ Kxe8 36. Bb7 Nc5 37. Bf3 f5 38. Nd5 Kd7 39. Bd1 Bd4 40. Bc2 Kd6 41. Nb4 a5 42. Nd3 Ne4 43. Nf4 Bxf2+ 44. Kf1 Be3 45. Nd3 Kd5 46. Ke2 Kd4 47. Ne1 Nc3+ 48. Kf3 Bd2 49. Kf2 Ne4+ 50. Ke2 Kc3 51. Bb1 Bxe1 52. Kxe1 a4 53. g4 fxg4 54. hxg4 a3 0-1

[Event "Castellon Provincial-ch"]
[Site "Castellon"]
[Date "2011.11.19"]
[Round "6.10"]
[White "Torres Espinosa, Raul"]
[Black "Arambul Ripolles, Javier"]
[Result "1/2-1/2"]
[WhiteElo "1844"]
[BlackElo "1707"]
[PlyCount "55"]
[EventDate "2011.10.01"]
[EventType "swiss"]
[EventRounds "7"]
[EventCountry "ESP"]
[SourceTitle "EXT 2024"]
[Source "ChessBase"]
[SourceDate "2023.10.10"]
[SourceVersion "1"]
[SourceVersionDate "2023.10.10"]
[SourceQuality "1"]

1. d4 Nf6 2. Nf3 g6 3. c4 Bg7 4. Nc3 0-0 5. e4 d6 6. Be2 e5 7. 0-0 Nc6 8. d5 Ne7 9. b4 Ne8 10. c5 f5 11. Ng5 Nf6 12. f3 f4 13. Ne6 Bxe6 14. dxe6 Ne8 15. Qb3 Kh8 16. Rd1 Rf6 17. Ba3 Bf8 18. Nb5 a6 19. Nc3 Nc6 20. Nd5 Rxe6 21. Nxf4 Rf6 22. Nd5 Nd4 23. Rxd4 exd4 24. Nxf6 Qxf6 25. Bb2 dxc5 26. bxc5 Bxc5 27. Kf1 Qb6 28. Bc4 1/2-1/2

[Event "Castellon Provincial-ch"]
[Site "Castellon"]
[Date "2011.11.12"]
[Round "5.10"]
[White "Torres Espinosa, Raul"]
[Black "Moran Marzal, Francisco Javier"]
[Result "1/2-1/2"]
[WhiteElo "1844"]
[BlackElo "1796"]
[PlyCount "42"]
[EventDate "2011.10.01"]
[EventType "swiss"]
[EventRounds "7"]
[EventCountry "ESP"]
[SourceTitle "EXT 2024"]
[Source "ChessBase"]
[SourceDate "2023.10.10"]
[SourceVersion "1"]
[SourceVersionDate "2023.10.10"]
[SourceQuality "1"]

1. d4 d5 2. c4 e6 3. Nf3 Nf6 4. g3 dxc4 5. Qa4+ c6 6. Qxc4 Qd5 7. Qc2 Bb4+ 8. Bd2 Bxd2+ 9. Nbxd2 0-0 10. Bg2 Qa5 11. 0-0 Nbd7 12. e4 e5 13. Nb3 Qb4 14. d5 cxd5 15. exd5 Nxd5 16. Nxe5 Nxe5 17. Bxd5 Bh3 18. Rfe1 Ng6 19. Re4 Qb6 20. Rc4 Be6 21. Bxe6 Qxe6 1/2-1/2

[Event "Castellon Provincial-ch"]
[Site "Castellon"]
[Date "2011.10.01"]
[Round "1.11"]
[White "Ballester Clausell, David"]
[Black "Torres Espinosa, Raul"]
[Result "1-0"]
[WhiteElo "1883"]
[BlackElo "1844"]
[PlyCount "53"]
[EventDate "2011.10.01"]
[EventType "swiss"]
[EventRounds "7"]
[EventCountry "ESP"]
[SourceTitle "EXT 2024"]
[Source "ChessBase"]
[SourceDate "2023.10.10"]
[SourceVersion "1"]
[SourceVersionDate "2023.10.10"]
[SourceQuality "1"]

1. e4 c5 2. Nf3 d6 3. d4 cxd4 4. Nxd4 Nf6 5. Nc3 g6 6. Be3 Bg7 7. Be2 Nc6 8. Nb3 0-0 9. Qd2 Bd7 10. Bh6 Rb8 11. Bxg7 Kxg7 12. h4 h5 13. f3 Ne5 14. Nd5 Nxd5 15. Qxd5 b5 16. Qd4 Kg8 17. g4 hxg4 18. fxg4 Bxg4 19. Bxg4 Nxg4 20. h5 Qb6 21. hxg6 Qxd4 22. gxf7+ Rxf7 23. Nxd4 Rf4 24. Nc6 Rxe4+ 25. Kd2 Rb7 26. Rag1 Kf7 27. Nd8+ 1-0